01943 a2200265 4500003000500000005001700005010001600022020002800038040000900066082001400075245006400089250001200153260003600165300009400201440004800295505092800343650005601271650003201327650005601359650006301415700003401478942002301512999001901535952012301554NUST20230102130831.0 a 97048421 a0890069824 (alk. paper) cNust00a364.4,OPT00aOptical document security /cRudolf L. van Renesse, editor. a2nd ed. aBoston :bArtech House,cc1998. axxviii, 505 p. :bill. (some col.) ;c24 cm. +e1 computer laser optical disc (4 3/4 in.) 0aArtech House optoelectronics library995676 aForensic Aspects of Document Counterfeit (Page-1), Security Design of Valuable Documents and Products (Page-29) The Evaluation of Document Fraud Resistance(Page-57) Introduction to Optical Document Security (Page-75), Security Papers and Special Effects (Page-113), The Historical Development of Security Printing : Design and Technology(Page-131), Security Printing Techniques,151.: Digital Copying Security Elements (Page-151), Noniridescent Optically Variable Devices (Page-201), Document Protection by Optically Variable Graphics (Kinegram) (Page-247), Zero-Order Grating Microstructures (Page-267), Optical Thin-Film Security Devices (Page-289), Liquid Crystal Security Devices (Page-329), Iridescent Optically Variable Devices : A Survey (Page-349), Retroreflective Security Devices (Page-387), Optical Security in Laminates (Page- 405), Identification Cards (Page-427), An Introduction to Biometrics (Page-451). 0aCounterfeits and counterfeitingxPrevention.995677 0aForgeryxPrevention.995678 0aIdentification cardsxForgeriesxPrevention.995679 0aReproduction of money, documents, etc.xPrevention.9956801 aVan Renesse, Rudolf L.995681 cBK2ddck364.4,OPT c175304d175304 00102ddc4070aMCSbMCScGENd2016-12-12o364.4,OPTpMCS26974r2016-12-08w2016-12-12yBKzAlmirah No.54, Shelf No.1